00655nam a2200157Ia 4500008004100000100001800041245011200059245010600171260004900277260000900326300000900335650001300344856004800357999001900405952007300424170221s9999 xx 000 0 und d aAnna Talafuse aTraditional and digital media advertising preference: a descriptive evaluation of Billings, Montana mothers cAnna Talafuse, Montana State University-Billings; Michael G. Brizek, South Carolina State University. bJournal of Management and Marketing Research c2016 a15 : xBusiness uhttp://www.aabri.com/manuscripts/142110.pdf c311770d311770 001040aCLbCLd2017-02-21l0r2017-02-21 00:00:00w2017-02-21yFOJ